pays d`europe - Statistiques

Statistiques générales
  • Ce quiz a été pris 97 fois
  • Le résultat moyen est 36 sur 45
Réponses sur la Carte
Les réponses sont colorées sur une échelle allant du rouge au vert en fonction du pourcentage des utilisateurs qui les ont devinées à leur premier essai. Vous pouvez retrouver ces pourcentages ci-dessous.
 
Statistiques - réponses
Réponse % Correct
espagne
95%
portugal
94%
france
93%
irlande
93%
allemagne
92%
royaume uni
92%
italie
90%
belgique
89%
finlande
88%
grece
88%
norvege
87%
luxembourg
86%
suisse
85%
islande
83%
lettonie
83%
russie
83%
suede
83%
ukraine
83%
pays bas
82%
autriche
81%
croatie
81%
lituanie
81%
monaco
81%
estonie
80%
pologne
80%
albanie
76%
hongrie
76%
bielorussie
75%
bielorussie
75%
slovenie
75%
andorre
74%
st marin
74%
rep tchèque
73%
roumanie
71%
serbie
71%
slovaquie
71%
vatican
71%
kosovo
70%
malte
70%
bulgarie
68%
moldavie
67%
liechtenstein
65%
bosnie
64%
montenegro
64%
macedoine
57%
Aucun quiz correspondant
Distribution des résultats
% des personnes avec chaque résultat
Percentile par nombre de réponses
Votre historique - résultats
Vous n’avez pas pris ce quiz